NBA2k16 Quiz - Statistics

General Stats
  • This quiz has been taken 3,392 times
  • The average score is 27 of 31
Answer Stats
Overall Answer % Correct
94 LeBron James
100%
92 James Harden
99%
93 Steph Curry
99%
92 Anthony Davis
98%
90 Chris Paul
98%
91 Kevin Durant
98%
89 Russel Westbrook
98%
88 Blake Griffin
95%
87 Kyrie Irving
95%
87 Kawhi Leonard
94%
87 John Wall
93%
87 Klay Thompson
93%
88 Carmelo Anthony
92%
87 Tim Duncan
92%
86 Dwyane Wade
91%
86 Paul George
91%
86 Damian Lillard
90%
87 Marc Gasol
88%
86 Pau Gasol
87%
87 DeMarcus Cousins
86%
84 Kevin Love
85%
86 Jimmy Butler
84%
84 DeAndre Jordan
82%
85 Kobe Bryant
82%
84 Derrick Rose
80%
85 Mike Conley
80%
88 LaMarcus Aldridge
76%
84 Dirk Nowitzki
75%
84 Chris Bosh
74%
85 Dwight Howard
68%
84 Zach Randolph
60%
No matching quizzes found
Score Distribution
Percent of People with Each Score
Percentile by Number Answered
Your Score History
You have not taken this quiz